000 01089cam a2200313 a 4500
001 1562758
003 NUST
005 20220509102319.0
008 921224s1993 nyua bf 001 0 eng
010 _a 92056234
020 _a0887306276 (cloth) :
_c$25.00 ($33.50 CAN)
038 _awaseem
040 _aDLC
_cDLC
_dDLC
043 _an-us---
050 0 0 _aHD45
_b.B816 1993
082 0 0 _a658.514
_bBUR
100 1 _aBurrus, Daniel.
_991303
245 1 0 _aTechnotrends :
_bhow to use technology to go beyond your competition /
_cDaniel Burrus, with Roger Gittines.
250 _a1st ed.
260 _aNew York :
_bHarperBusiness,
_cc1993.
300 _axxiii, 376 p :
_bill. ;
_c24 cm.
504 _aIncludes bibliographical references (p. 357-362) and index.
563 _aHBK.
650 0 _aTechnological innovations
_zUnited States
_xManagement.
_991304
700 1 _aGittines, Roger.
_991305
906 _a7
_bcbc
_corignew
_d1
_eocip
_f19
_gy-gencatlg
942 _2ddc
_cBK
999 _c589499
_d589499